<?xml version="1.0" encoding="UTF-8"?>
<record
    xmlns:xsi="http://www.w3.org/2001/XMLSchema-instance"
    xsi:schemaLocation="http://www.loc.gov/MARC21/slim http://www.loc.gov/standards/marcxml/schema/MARC21slim.xsd"
    xmlns="http://www.loc.gov/MARC21/slim">

  <leader>00543nam a22001697a 4500</leader>
  <controlfield tag="005">20200608135308.0</controlfield>
  <controlfield tag="008">200608b        xxu||||| |||| 00| 0 eng d</controlfield>
  <datafield tag="020" ind1=" " ind2=" ">
    <subfield code="a">978-93-86456-75-5</subfield>
  </datafield>
  <datafield tag="041" ind1=" " ind2=" ">
    <subfield code="a">eng</subfield>
  </datafield>
  <datafield tag="082" ind1=" " ind2=" ">
    <subfield code="a">346.4202 </subfield>
  </datafield>
  <datafield tag="100" ind1=" " ind2=" ">
    <subfield code="a">SRIVASTAVA, SURENDRA SAHAI</subfield>
    <subfield code="9">5869</subfield>
  </datafield>
  <datafield tag="245" ind1=" " ind2=" ">
    <subfield code="a">LAW OF CONTRACT- I AND II (Acomplete study of contract act, 1872 with specifie relief act , sale of goods act, partnership act, instrument act,</subfield>
  </datafield>
  <datafield tag="260" ind1=" " ind2=" ">
    <subfield code="a">ALLAHABAD</subfield>
    <subfield code="b">CENTRAL LAW PUBLICATION </subfield>
  </datafield>
  <datafield tag="300" ind1=" " ind2=" ">
    <subfield code="a">840;p</subfield>
  </datafield>
  <datafield tag="650" ind1=" " ind2=" ">
    <subfield code="a">LAW</subfield>
    <subfield code="9">5701</subfield>
  </datafield>
  <datafield tag="942" ind1=" " ind2=" ">
    <subfield code="c">BK</subfield>
  </datafield>
  <datafield tag="999" ind1=" " ind2=" ">
    <subfield code="c">6930</subfield>
    <subfield code="d">6928</subfield>
  </datafield>
  <datafield tag="952" ind1=" " ind2=" ">
    <subfield code="0">0</subfield>
    <subfield code="1">0</subfield>
    <subfield code="4">0</subfield>
    <subfield code="7">0</subfield>
    <subfield code="8">REF</subfield>
    <subfield code="a">JRU</subfield>
    <subfield code="b">JRU</subfield>
    <subfield code="c">Shelf - 13- B</subfield>
    <subfield code="d">2020-06-20</subfield>
    <subfield code="e">PURCHESS</subfield>
    <subfield code="g">540.00</subfield>
    <subfield code="l">0</subfield>
    <subfield code="o">346.4202</subfield>
    <subfield code="p">24942</subfield>
    <subfield code="r">2020-06-08 00:00:00</subfield>
    <subfield code="w">2020-06-20</subfield>
    <subfield code="y">BK</subfield>
  </datafield>
  <datafield tag="952" ind1=" " ind2=" ">
    <subfield code="0">0</subfield>
    <subfield code="1">0</subfield>
    <subfield code="4">0</subfield>
    <subfield code="7">0</subfield>
    <subfield code="8">LAW</subfield>
    <subfield code="a">JRU</subfield>
    <subfield code="b">JRU</subfield>
    <subfield code="c">SHELF-29-C</subfield>
    <subfield code="d">2020-06-20</subfield>
    <subfield code="e">PURCHESS</subfield>
    <subfield code="g">540.00</subfield>
    <subfield code="l">8</subfield>
    <subfield code="m">1</subfield>
    <subfield code="o">346.4202</subfield>
    <subfield code="p">24943</subfield>
    <subfield code="r">2026-05-04 11:59:30</subfield>
    <subfield code="s">2026-04-27</subfield>
    <subfield code="w">2020-06-20</subfield>
    <subfield code="y">BK</subfield>
  </datafield>
  <datafield tag="952" ind1=" " ind2=" ">
    <subfield code="0">0</subfield>
    <subfield code="1">0</subfield>
    <subfield code="4">0</subfield>
    <subfield code="7">0</subfield>
    <subfield code="8">LAW</subfield>
    <subfield code="a">JRU</subfield>
    <subfield code="b">JRU</subfield>
    <subfield code="c">SHELF-29-C</subfield>
    <subfield code="d">2020-06-20</subfield>
    <subfield code="e">PURCHESS</subfield>
    <subfield code="g">540.00</subfield>
    <subfield code="l">13</subfield>
    <subfield code="m">2</subfield>
    <subfield code="o">346.4202</subfield>
    <subfield code="p">24944</subfield>
    <subfield code="r">2026-04-20 13:37:43</subfield>
    <subfield code="s">2026-04-09</subfield>
    <subfield code="w">2020-06-20</subfield>
    <subfield code="y">BK</subfield>
  </datafield>
  <datafield tag="952" ind1=" " ind2=" ">
    <subfield code="0">0</subfield>
    <subfield code="1">0</subfield>
    <subfield code="4">0</subfield>
    <subfield code="7">0</subfield>
    <subfield code="8">LAW</subfield>
    <subfield code="a">JRU</subfield>
    <subfield code="b">JRU</subfield>
    <subfield code="c">SHELF-29-C</subfield>
    <subfield code="d">2020-06-20</subfield>
    <subfield code="e">PURCHESS</subfield>
    <subfield code="g">540.00</subfield>
    <subfield code="l">8</subfield>
    <subfield code="m">3</subfield>
    <subfield code="o">346.4202</subfield>
    <subfield code="p">24945</subfield>
    <subfield code="r">2026-05-08 16:04:59</subfield>
    <subfield code="s">2026-01-20</subfield>
    <subfield code="w">2020-06-20</subfield>
    <subfield code="y">BK</subfield>
  </datafield>
</record>
